
Library Catalogue

| 000 -LEADER | |
|---|---|
| fixed length control field | 01499nam a2200241Ia 4500 |
| 003 - CONTROL NUMBER IDENTIFIER | |
| control field | OSt |
| 005 - DATE AND TIME OF LATEST TRANSACTION | |
| control field | 20260428110919.0 |
| 008 - FIXED-LENGTH DATA ELEMENTS--GENERAL INFORMATION | |
| fixed length control field | 160316s2002 xxu||||| |||| 00| 0 eng d |
| 020 ## - INTERNATIONAL STANDARD BOOK NUMBER | |
| International Standard Book Number | 9788171882953 (hbk.) |
| 040 ## - CATALOGING SOURCE | |
| Transcribing agency | . |
| 082 ## - DEWEY DECIMAL CLASSIFICATION NUMBER | |
| Classification number | 338.9 KAP |
| 100 ## - MAIN ENTRY--PERSONAL NAME | |
| Personal name | Kapila Raj |
| 245 ## - TITLE STATEMENT | |
| Title | Economic developments in India, vol. 59 / |
| Statement of responsibility, etc. | edited by Raj Kapila and Uma Kapila |
| 260 ## - PUBLICATION, DISTRIBUTION, ETC. | |
| Place of publication, distribution, etc. | New Delhi : |
| Name of publisher, distributor, etc. | Academic Foundation, |
| Date of publication, distribution, etc. | 2002. |
| 300 ## - PHYSICAL DESCRIPTION | |
| Extent | 319 p. ; |
| Dimensions | 23 cm. |
| 365 ## - TRADE PRICE | |
| Price amount | Rs.2,995-2 vol |
| 505 ## - Contents | |
| Contents | ANALYTICAL ARTICLES <br/>1. A Decade after 1991 : New Challenges Facing the Indian Economy; Rakesh Mohan, <br/>2. Sustainable use of Water for Irrigation in Indian Agriculture ; C.H. Hanumantha Rao,<br/>3. WTO, Agricultural Export, and Growth; N.A. Mujumdar. <br/>4. India's Foreign Exchange Market: A Decade of Liberalisation; K.J. Udeshi,<br/>5. Development of Bond Market in India; Mohammad Tahir, <br/>REPORTS, DISCUSSION PAPERS, POLICY DOCUMENTS <br/>6. Banking Development and Perspectives<br/>7. Report of the Steering Committee on Irrigation<br/>8. Report of the Expert Group on Transfer Pricing Guidelines (August 2002)<br/>9. Disclosure and Investor Protection Guidelines: Recommendations of the Malegam Committee<br/>10. Foreign Currency - Rupee Options <br/>11. Index of Industrial Production (for the month of September) <br/>12. Monthly Economic Indicators, October 2002<br/><br/> |
| 650 ## - SUBJECT ADDED ENTRY--TOPICAL TERM | |
| Topical term or geographic name entry element | Economics |
| 650 ## - SUBJECT ADDED ENTRY--TOPICAL TERM | |
| Topical term or geographic name entry element | Economic development -- India |
| 700 ## - ADDED ENTRY--PERSONAL NAME | |
| Personal name | Kapila, Raj |
| -- | |
| 700 ## - ADDED ENTRY--PERSONAL NAME | |
| Personal name | Kapila, Uma |
| 942 ## - ADDED ENTRY ELEMENTS (KOHA) | |
| Source of classification or shelving scheme | Dewey Decimal Classification |
| Koha item type | BOOKs |
| Withdrawn status | Lost status | Damaged status | Not for loan | Home library | Current library | Shelving location | Date acquired | Cost, normal purchase price | Total Checkouts | Full call number | Barcode | Date last seen | Price effective from | Koha item type | Public note |
|---|---|---|---|---|---|---|---|---|---|---|---|---|---|---|---|
| NLS | NLS | NAB Compactor | 30/05/2017 | 2995.00 | 338.9 KAP | 18880 | 30/05/2017 | 30/05/2017 | BOOKs | Price for the entire Set of Volumess |